Inside Prefab : The Ready-Made Interior /

Guardat en:
Dades bibliogràfiques
Autor principal: Schneiderman, Deborah (autor)
Altres autors: Abercrombie, Stanley (prólogo) (prólogo)
Format: Llibre
Idioma:anglès
Publicat: Nueva York, EUA : Princeton Architectural Press, 2012, c2012
Col·lecció:(Inside Prefab)
Matèries:
Etiquetes: Afegir etiqueta
Sense etiquetes, Sigues el primer a etiquetar aquest registre!

MARC

LEADER 00000nam^a2200000^a^4500
001 000328706
005 20250521000000.0
008 130314 20122012
009 20260310113913.52
020 |a 978-1-56898-987-7 
037 |a Acervo ITESO - Biblioteca 
041 |a ING 
082 |a 747. 028  |b SCH 
100 |a Schneiderman, Deborah  |e (autor) 
245 1 0 |a Inside Prefab :  |b The Ready-Made Interior /  |c D. Schneiderman ; S. Abercrombie. 
264 4 |a Nueva York, EUA :  |b Princeton Architectural Press,  |c 2012, c2012 
300 |a 144 p. 
336 |a texto  |b txt  |2 rdacontenido 
337 |a sin mediación  |b n  |2 rdamedio 
338 |a volumen  |b nc  |2 rdasoporte 
440 1 |a (Inside Prefab) 
649 |a XX 
650 |a Muebles de Cocina 
650 |a Muebles de Baño 
650 |a Muebles de Oficina 
650 |a Muebles -  |x Tema Principal 
650 |a Materiales Prefabricados -  |x Tema Principal 
650 |a Construcción 
650 |a Decoración y Ornamentación -  |x Tema Principal 
650 |a Arquitectura Prefabricada -  |x Tema Principal 
650 |a Arquitectura -  |x Técnica 
700 |a Abercrombie, Stanley  |e (prólogo) 
910 |a Fondo General 
920 |a Impresos - Libros 
930 |a Colección General 
905 |a 101 
901 |a 0500217952  |b IT1  |c ACC  |i C134462  |u 20250521 
902 |a https://opac.biblio.iteso.mx/vufind/Record/000328706